000 00302nam a22001217a 4500
008 170923b xxu||||| |||| 00| 0 eng d
041 _aeng
080 _a37
100 _a46
101 _aEDU
245 _aDIMENSIONS AND USE OF THE SCHOLARLY INFORMATION ENVIRONMENT
_cFRIEDLANDER, A
942 _2udc
_cBK
999 _c29363
_d29363